La economía valenciana en el siglo XVI (Record no. 137079)

MARC details
000 -LEADER
campo de control de longitud fija 00604nam a2200169 4500
001 - NÚMERO DE CONTROL
campo de control 137079
003 - IDENTIFICADOR DE NÚMERO DE CONTROL
campo de control ES-MaACL
005 - FECHA Y HORA DE LA ÚLTIMA TRANSACCIÓN
campo de control 20230906195315.0
007 - CAMPO FIJO DE DESCRIPCIÓN FÍSICA--INFORMACIÓN GENERAL
campo de control de longitud fija t|
008 - DATOS DE LONGITUD FIJA--INFORMACIÓN GENERAL
campo de control de longitud fija 070214s1972 sp r ||||1| spa d
100 1# - ENTRADA PRINCIPAL--NOMBRE DE PERSONA
Nombre de persona Salvador, Emilia.
9 (RLIN) 102069
245 13 - MENCIÓN DEL TÍTULO
Título La economía valenciana en el siglo XVI
Resto del título : (comercio de importación) /
Mención de responsabilidad, etc. Emilia Salvador.
260 ## - PUBLICACIÓN, DISTRIBUCIÓN, ETC.
Lugar de publicación, distribución, etc. Valencia :
Nombre del editor, distribuidor, etc. Universidad de Valencia. Departamento de Historia Moderna,
Fecha de publicación, distribución, etc. 1972.
300 ## - DESCRIPCIÓN FÍSICA
Extensión VI, 408 p. ;
Dimensiones 22 cm.
710 2# - ENTRADA AGREGADA--NOMBRE DE ENTIDAD CORPORATIVA
Nombre de entidad corporativa o nombre de jurisdicción como elemento de entrada Universidad de Valencia.
Unidad subordinada Departamento de Historia Moderna.
9 (RLIN) 7321
852 ## - LOCALIZACIÓN
Ubicación ES-MaACL
Número de control de estantería C-43731
Sublocalización o colección R.82144
Holdings
Estatus retirado Estado de pérdida Estado de daño No para préstamo Biblioteca de origen Biblioteca actual Ubicación en estantería Fecha de adquisición Fuente de adquisición Total de préstamos Signatura topográfica completa Código de barras Visto por última vez Precio de reemplazo Tipo de ítem Koha
        Biblioteca del Ateneo de Madrid Biblioteca del Ateneo de Madrid Depósito 2 17/01/2008     C-43731 1142653 23/02/2023 23/02/2023 Libro impreso